|
|
|
|
| LEADER |
00736nab a2200205 i 4500 |
| 001 |
acta12460 |
| 005 |
20220610143403.0 |
| 008 |
161015s1989 hu o 0|| eng d |
| 022 |
|
|
|a 0324-721X
|
| 040 |
|
|
|a SZTE Egyetemi Kiadványok Repozitórium
|b hun
|
| 041 |
|
|
|a eng
|
| 100 |
1 |
|
|a Kuba Attila
|
| 245 |
1 |
0 |
|a Determination of the structure of the class A(R, S) of (0, l)-matrices
|h [elektronikus dokumentum] /
|c Kuba Attila
|
| 260 |
|
|
|c 1989
|
| 300 |
|
|
|a 121-132
|
| 490 |
0 |
|
|a Acta cybernetica
|v 9 No. 2
|
| 650 |
|
4 |
|a Természettudományok
|
| 650 |
|
4 |
|a Számítás- és információtudomány
|
| 695 |
|
|
|a Számítástechnika, Kibernetika
|
| 856 |
4 |
0 |
|u http://acta.bibl.u-szeged.hu/12460/1/cybernetica_009_numb_002_121-132.pdf
|z Dokumentum-elérés
|